A lo tico costarriqueñismos y otras vainas (Registro nro. 3155)
[ vista simple ]
| 000 -Cabecera | |
|---|---|
| Campo de control de longitud fija | 00485aam a2200181 4500 |
| 005 - Fecha y hora de la última transacción | |
| Campo de control | 20250219143012.0 |
| 008 - Elementos de longitud fija--Información general | |
| Campo de control de longitud fija | 150629b2011 xxu||||| |||| 00| 0 spa d |
| 041 ## - Idioma | |
| Código de idioma | Español |
| 082 ## - Clasificación Decimal Dewey | |
| Número de clasificación | R 467.972.86 G454a5 |
| 100 ## - Entrada principal--Autor personal | |
| Nombre personal | Giebler Simonet, Alf Alexander |
| 245 ## - Título propiamente dicho | |
| Título | A lo tico costarriqueñismos y otras vainas |
| 250 ## - Edición | |
| Mención de edición | 5 edición |
| 260 ## - Pie de imprenta | |
| Lugar de publicación, distribución, etc. | Costa Rica |
| Nombre del editor, distribuidor, etc. | Jadine |
| Fecha de publicación, distribución, etc. | 2011 |
| 300 ## - Descripción física | |
| Extensión | 180 páginas |
| 650 ## - Materia general | |
| Temática (materia general) | COSTARRIQUEÑISMOS |
| 650 ## - Materia general | |
| Temática (materia general) | DICCIONARIOS |
| 942 ## - Punto de acceso adicional KOHA | |
| Tipo de ítem KOHA | Referencia |
| Fuente del sistema de clasificación o colocación | Dewey Decimal Classification |
| Signatura completa | Código de barras | Tipo de ítem |
|---|---|---|
| R 467.972.86 G454a5 | 18112 | Referencia |